Name the biggest geographical feautures on Russia - Statistics

General Stats
  • This quiz has been taken 41 times
  • The average score is 14 of 25
Answer Stats
Federal Subjects it goes through Answer % Correct
Tver, Yaroslavl, Kostroma, Ivanovo, Nizhny Novgorod, Mari El, Chuvashia, Tatarstan, Ulyanovsk, Samara, Saratov, Volgograd, Astrakhan) Volga
97%
Altai, Novosibirsk,Tomsk, Khanti-Mansi, Yamalo-Nenets Ob
94%
Irkutsk, Buryatia (Also Mongolia) Baikal
91%
Kabardino-Balkaria,Karachay-Cherkessia Elbrus
91%
Crmea, Sebastopol (Disputed with Ukraine) Crimea
88%
Irkutsk, Sakha Lena
88%
Kamchatka Kamchatka
85%
Sakhalin Sakhalin
85%
Tuva, Krasnoyarsk, Khakassia (also Mongolia) Yenisei
79%
Murmansk Kola
76%
Karelia, Leningrad Ladoga
74%
Kalmukia, Dagestan, Astrakhan (also Kazakhstan, Turkmenistan, Azerbaijan, Iran) Caspian Sea
68%
Karelia, Leningrad, Vologda Onega
53%
Arkhangelsk Severny
53%
Omsk, Tyumen, Khanti-Mansi (Kazakhstan, Mongolia, China) Irtysh
47%
Yamalo-Nenets Yamal
35%
Arkhangelsk Yuzhny
35%
Krasnoyarsk October Revolution
29%
Krasnoyarsk Taymyr
24%
Krasnoyarsk Taymyr
24%
Kabardino-Balkaria Dykh-Tau
12%
Kabardino-Balkaria (Also Georgia) Shkhara
12%
Kabardino-Balkaria Koshtan-Tau
9%
Sakha Kotelny
9%
Kabardino-Balkaria Pik Pushkina
3%
No matching quizzes found
Score Distribution
Percent of People with Each Score
Percentile by Number Answered
Your Score History
You have not taken this quiz